[Event "Istanbul op 9th"]
[Site "Istanbul"]
[Date "2010.08.21"]
[Round "1"]
[White "Saglam, Alp"]
[Black "Annaberdiev, Meilis"]
[Result "0-1"]
[WhiteElo "1845"]
[BlackElo "2476"]
[PlyCount "46"]
[EventDate "2010.08.21"]
[EventType "swiss"]
[EventRounds "9"]
[EventCountry "TUR"]
[SourceTitle "CBM 138 Extra"]
[Source "ChessBase"]
[SourceDate "2010.10.29"]
[SourceVersion "1"]
[SourceVersionDate "2010.10.29"]
[SourceQuality "1"]

1. d4 Nf6 2. Bg5 Ne4 3. h4 c5 4. d5 h6 5. Bf4 Qb6 6. Nd2 Nxd2 7. Bxd2 e6 8. dxe6 dxe6 9. Bc3 Nc6 10. e3 Bd7 11. Qf3 Nb4 12. Kd1 Bc6 13. Qg4 0-0-0+ 14. Kc1 h5 15. Qf4 Nd5 16. Qxf7 Be8 17. Qf3 Nxc3 18. bxc3 Qa5 19. Rb1 Bc6 20. e4 c4 21. Bxc4 Ba3+ 22. Rb2 Rhf8 23. Qe2 Qxc3 0-1